Advanced engineering mathematics (Record no. 2354)

000 -LEADER
fixed length control field 00457nam a22001937a 4500
001 - CONTROL NUMBER
control field 2354
003 - CONTROL NUMBER IDENTIFIER
control field BD-DhUET
008 - FIXED-LENGTH DATA ELEMENTS--GENERAL INFORMATION
fixed length control field 140922b xxu||||| |||| 00| 0 eng d
020 ## - INTERNATIONAL STANDARD BOOK NUMBER
International Standard Book Number 8121903459
040 ## - CATALOGING SOURCE
Transcribing agency 0
Modifying agency BD-DhUET
082 ## - DEWEY DECIMAL CLASSIFICATION NUMBER
Classification number 510
Item number DAS/2007
100 ## - MAIN ENTRY--PERSONAL NAME
Personal name Dass, H.K.
245 ## - TITLE STATEMENT
Title Advanced engineering mathematics
250 ## - EDITION STATEMENT
Edition statement 17th Rev. ed.
260 ## - PUBLICATION, DISTRIBUTION, ETC. (IMPRINT)
Place of publication, distribution, etc. Ram Nagar
Name of publisher, distributor, etc. S. Chand.
Date of publication, distribution, etc. 2007
300 ## - PHYSICAL DESCRIPTION
Extent xvi,1274p.
650 #0 - SUBJECT ADDED ENTRY--TOPICAL TERM
Topical term or geographic name as entry element Mathematics
942 ## - ADDED ENTRY ELEMENTS (KOHA)
Koha item type General Book
Holdings
Koha full call number Koha issues (times borrowed) Lost status Location (home branch) Withdrawn status Koha date last seen Koha out on loan Sublocation or collection (holding branch) Price effective from Not for loan Damaged status Koha item type Date acquired Koha date last borrowed Copy number Piece designation (barcode) Source of classification or shelving scheme Koha normalized classification for sorting Shelving location
510/DAS/20073 Central Library, BUET 2023-05-06 Central Library, BUET2014-09-22  General Book2014-09-222022-11-231103924 510DAS2007Circulation section
510/DAS/20076 Central Library, BUET 2026-01-132026-01-27Central Library, BUET2014-09-22  General Book2014-09-222026-01-132103925 510DAS2007Circulation section
510/DAS/20074 Central Library, BUET 2025-02-10 Central Library, BUET2014-09-22  General Book2014-09-222024-12-013103927 510DAS2007Circulation section
510/DAS/20073 Central Library, BUET 2023-06-05 Central Library, BUET2014-09-22  General Book2014-09-222023-03-224103928 510DAS2007Circulation section
510/DAS/20071 Central Library, BUET 2016-02-24 Central Library, BUET2014-09-22  General Book2014-09-222014-11-125103929 510DAS2007Circulation section
510/DAS/20072 Central Library, BUET 2023-02-28 Central Library, BUET2014-09-22  General Book2014-09-222023-01-117103931 510DAS2007Circulation section
510/DAS/20073 Central Library, BUET 2026-05-09 Central Library, BUET2014-09-22  General Book2014-09-222026-04-156103930 510DAS2007Circulation section
510/DAS/20072 Central Library, BUET 2019-03-31 Central Library, BUET2015-01-26  General Book2015-01-262019-01-208103922 510_000000000000000_DAS_2007Circulation section
510DAS/20072 Central Library, BUET 2025-04-07 Central Library, BUET2015-09-01  General Book2015-09-012025-03-029103923 510DAS_2007_000000000000000Circulation section
510/DAS/200711 Central Library, BUET 2024-11-242024-12-08Central Library, BUET2017-05-29  General Book2007-05-282024-11-2410103926 510_000000000000000_DAS_2007Circulation section